বঙ্গবন্ধু ও ঢাকা বিশ্ববিদ্যালয় / (Record no. 30942)
[ view plain ]
| 000 -LEADER | |
|---|---|
| fixed length control field | 01052nam a22002177a 4500 |
| 003 - CONTROL NUMBER IDENTIFIER | |
| control field | BDDh-ASL |
| 005 - DATE AND TIME OF LATEST TRANSACTION | |
| control field | 20231015031218.0 |
| 008 - FIXED-LENGTH DATA ELEMENTS--GENERAL INFORMATION | |
| fixed length control field | 230309s2021 b ||||| |||| 00| 0 b d |
| 040 ## - CATALOGING SOURCE | |
| Original cataloging agency | BDDh-ASL |
| Transcribing agency | BDDh-ASL |
| 041 ## - LANGUAGE CODE | |
| Language code of text/sound track or separate title | ben |
| 082 ## - DEWEY DECIMAL CLASSIFICATION NUMBER | |
| Classification number | 923.906 |
| Item number | BAN |
| 110 1# - MAIN ENTRY--CORPORATE NAME | |
| Corporate name or jurisdiction name as entry element | University of Dhaka (ঢাকা বিশ্ববিদ্যালয়) |
| 9 (RLIN) | 6140 |
| 245 00 - TITLE STATEMENT | |
| Title | বঙ্গবন্ধু ও ঢাকা বিশ্ববিদ্যালয় / |
| 246 ## - VARYING FORM OF TITLE | |
| Title proper/short title | Bangabandhu O Dhaka Biswabidyalaya, Dhaka University |
| 260 ## - PUBLICATION, DISTRIBUTION, ETC. | |
| Place of publication, distribution, etc. | ঢাকা : |
| Name of publisher, distributor, etc. | ঢাকা বিশ্ববিদ্যালয়, |
| Date of publication, distribution, etc. | 2021. |
| 300 ## - PHYSICAL DESCRIPTION | |
| Extent | 327 p. : |
| Dimensions | 23 cm. |
| 501 ## - WITH NOTE | |
| With note | Includes bibliographical references and index |
| 600 10 - SUBJECT ADDED ENTRY--PERSONAL NAME | |
| Personal name | Rahman, Sheikh Mujibur ( শেখ মুজিবুর রহমান) |
| Titles and other words associated with a name | Bangabandhu (বঙ্গবন্ধু) |
| Dates associated with a name | 1920-1975 (১৯২০-১৯৭৫) |
| 9 (RLIN) | 3054 |
| 650 #0 - SUBJECT ADDED ENTRY--TOPICAL TERM | |
| Topical term or geographic name entry element | History of Dhaka University (ঢাকা বিশ্ববিদ্যালয়ের ইতিহাস) |
| 9 (RLIN) | 6217 |
| 942 ## - ADDED ENTRY ELEMENTS (KOHA) | |
| Source of classification or shelving scheme | Dewey Decimal Classification |
| Koha item type | Books |
| Withdrawn status | Lost status | Source of classification or shelving scheme | Damaged status | Not for loan | Collection code | Home library | Current library | Shelving location | Date acquired | Source of acquisition | Total Checkouts | Full call number | Barcode | Date last seen | Copy number | Price effective from | Koha item type | Public note |
|---|---|---|---|---|---|---|---|---|---|---|---|---|---|---|---|---|---|---|
| Dewey Decimal Classification | Non-fiction | Asiatic Society Library | Asiatic Society Library | Bangabondhu Collection | 03/09/2023 | Book purchased in 2022 from Ekushey Book Fair | 923.906 BAN | 119506 | 03/09/2023 | C-1 | 03/09/2023 | Books | Y-2021 |